The Great 1980s Quiz Stats

 Plays Quiz Updated Oct 31, 2018

Score 0/79 Timer 13:00
14 Plays Today
Category Answer % Correct
Time Magazine Persons of the YearRonald Reagan
89.1%
Major US Presidential CandidatesRonald Reagan
89.1%
Major US Presidential CandidatesRonald Reagan
89.1%
Time Magazine Persons of the YearRonald Reagan & Yuri Andropov
86.9%
Major US Presidential CandidatesGeorge Bush
84.9%
Super Bowl WinnersNew York Giants
74.1%
Super Bowl WinnersSan Francisco 49ers
73.1%
Super Bowl WinnersSan Francisco 49ers
73.1%
Super Bowl WinnersSan Francisco 49ers
73.1%
Major US Presidential CandidatesJimmy Carter
69.5%
World Series WinnersNew York Mets
68.1%
Olympics Host CitiesLos Angeles, United States
66.9%
Super Bowl WinnersPittsburgh Steelers
64.8%
World Series WinnersLos Angeles Dodgers
64%
World Series WinnersLos Angeles Dodgers
64%
Super Bowl WinnersChicago Bears
63.7%
World Series WinnersOakland Athletics
61.9%
Super Bowl WinnersOakland Raiders
61.3%
Super Bowl WinnersLos Angeles Raiders
61%
World Series WinnersSt. Louis Cardinals
61%
Olympics Host CitiesMoscow, Soviet Union
59.1%
Super Bowl WinnersWashington Redskins
59%
Super Bowl WinnersWashington Redskins
59%
World Series WinnersPhiladelphia Phillies
53.8%
Major US Presidential CandidatesMichael Dukakis
53.3%
Olympics Host CitiesLake Placid, United States
52.5%
World Series WinnersKansas City Royals
52.2%
World Series WinnersMinnesota Twins
51.1%
World Series WinnersBaltimore Orioles
50.3%
World Series WinnersDetroit Tigers
50.1%
Olympics Host CitiesSeoul, South Korea
50.1%
Major US Presidential CandidatesWalter Mondale
45%
Most Watched TV Programs (US)Dallas
43%
Most Watched TV Programs (US)Dallas
43%
Most Watched TV Programs (US)Dallas
43%
Most Watched TV Programs (US)The Cosby Show
42.4%
Most Watched TV Programs (US)The Cosby Show
42.4%
Most Watched TV Programs (US)The Cosby Show
42.4%
Most Watched TV Programs (US)The Cosby Show
42.4%
Time Magazine Persons of the YearMikhail Gorbachev
40.4%
Category Answer % Correct
Time Magazine Persons of the YearMikhail Gorbachev
40.4%
Oscar Winners for Best PictureGandhi
35.6%
Olympics Host CitiesCalgary, Canada
34.1%
Oscar Winners for Best PictureRain Man
32%
Olympics Host CitiesSarajevo, Yugoslavia
30.7%
Most Watched TV Programs (US)60 Minutes
29.6%
Most Watched TV Programs (US)60 Minutes
29.6%
Oscar Winners for Best PictureChariots of Fire
29.1%
Oscar Winners for Best PicturePlatoon
29.1%
Oscar Winners for Best PictureOut of Africa
27.7%
Oscar Winners for Best PictureOrdinary People
26.5%
Oscar Winners for Best PictureAmadeus
26.4%
Oscar Winners for Best PictureTerms of Endearment
26%
Oscar Winners for Best PictureDriving Miss Daisy
24.7%
Most Watched TV Programs (US)Dynasty
24.1%
Grammy Winners for Best New ArtistCyndi Lauper
19.8%
Oscar Winners for Best PictureThe Last Emperor
18.8%
New Members of the United NationsZimbabwe
18.6%
Time Magazine Persons of the YearThe Computer
13.3%
Grammy Winners for Best New ArtistCulture Club
11.5%
Grammy Winners for Best New ArtistMen At Work
11.4%
Grammy Winners for Best New ArtistRickie Lee Jones
11.2%
Grammy Winners for Best New ArtistChristopher Cross
10.7%
Time Magazine Persons of the YearLech Walesa
10.7%
New Members of the United NationsSt. Kitts and Nevis
9.5%
Grammy Winners for Best New ArtistSade
9.4%
Grammy Winners for Best New ArtistTracy Chapman
9.3%
New Members of the United NationsBelize
9.1%
New Members of the United NationsSt. Vincent and the Grenadines
9.1%
New Members of the United NationsVanuatu
8.5%
Grammy Winners for Best New ArtistSheena Easton
8.4%
Time Magazine Persons of the YearThe Endangered Earth
8.1%
Time Magazine Persons of the YearCorazon Aquino
8%
New Members of the United NationsAntigua and Barbuda
8%
New Members of the United NationsBrunei
7.6%
Time Magazine Persons of the YearDeng Xiaoping
7%
Grammy Winners for Best New ArtistJody Watley
6.9%
Grammy Winners for Best New ArtistBruce Hornsby and The Range
6.8%
Time Magazine Persons of the YearPeter Ueberroth
6.5%

You're not logged in!

Compare scores with friends on all Sporcle quizzes.
OR
Log In

Sporcle TV

Today on Sporcle TV


Watch our educational content, quiz creation guides, and fun videos on Sporcle TV.

Show Comments

Extras

Top Quizzes Today


Score Distribution

Your Account Isn't Verified!

In order to create a playlist on Sporcle, you need to verify the email address you used during registration. Go to your Sporcle Settings to finish the process.

Report this User

Report this user for behavior that violates our Community Guidelines.

Details: